| 000 | 00949nam a2200289Ia 4500 | ||
|---|---|---|---|
| 005 | 20220316235236.0 | ||
| 008 | 121119s1997 mx a gr 000 j spa | ||
| 020 | _a9681654420 | ||
| 041 | 1 | _aspa | |
| 100 | 1 |
_aOrlev, Uri, _d1931- |
|
| 245 | 1 | 3 |
_aLa abuela tejedora _cUri Orlev ; ilustraciones de Tania Janco ; traducción de Déborah Roitman |
| 250 | _aPrimera edición | ||
| 264 | 1 |
_aMéxico _bFondo de Cultura Económica _c1997 |
|
| 300 |
_a40 páginas _bilustraciones _c19 cm. |
||
| 336 |
_atexto _btxt _2rdacontent |
||
| 337 |
_asin mediación _bn _2rdamedia |
||
| 338 |
_avolumen _bnc _2rdacarrier |
||
| 490 | 0 | _aA la orilla del viento | |
| 650 | 1 | 4 |
_2LEMB _aLiteratura infantil |
| 650 | 1 | 4 |
_2LEMB _aCuentos infantiles |
| 650 | 1 | 4 |
_2LEMB _aAbuelos _vCuentos |
| 700 | 1 |
_aJanco, Tania _eilustrador _916409 |
|
| 700 | 1 |
_aRoitman, Déborah _etraductor _9116788 |
|
| 942 |
_2loc _cBKLIT |
||
| 040 |
_aCO-BoRNBP _bspa _erda _cCO-BoRNBP |
||
| 084 | _aC ORL1 | ||
| 999 |
_c343 _d343 |
||